[Event "Hastings Challengers 2002/03"]
[Site "Hastings"]
[Date "2002.12.30"]
[Round "3"]
[White "Shaw, John Kerr"]
[Black "Lawson, Eric"]
[Result "0-1"]
[WhiteElo "2484"]
[BlackElo "2239"]
[PlyCount "68"]
[EventDate "2002.12.28"]
[EventType "swiss"]
[EventRounds "9"]
[EventCountry "ENG"]
[SourceTitle "BritBase"]
[Source "John Saunders"]
[SourceDate "2024.12.03"]
[SourceVersion "1"]
[SourceVersionDate "2024.12.03"]
[SourceQuality "1"]

1. e4 c5 2. Nf3 Nc6 3. c3 d5 4. exd5 Qxd5 5. d4 e5 6. Nxe5 Nxe5 7. dxe5 Qxe5+ 8. Be3 Bd7 9. Qb3 Nf6 10. Nd2 Be7 11. Qxb7 Rb8 12. Qxa7 Rxb2 13. Qa3 Rxd2 14. Kxd2 Ne4+ 15. Ke1 O-O 16. Bc4 Bh4 17. g3 Bf6 18. Rc1 Re8 19. Qb2 Ng5 20. Qb7 Bg4 21. Qd5 Qe7 22. Be2 Be6 23. Qc6 Rc8 24. Qa6 Ne4 25. c4 Re8 26. Bf3 Ng5 27. Be2 Bc8 28. Qa3 Qe4 29. Rf1 Nf3+ 30. Bxf3 Qxf3 31. Qd3 Bg4 32. Kd2 Rd8 33. Qxd8+ Bxd8 34. Rfe1 Ba5+ 0-1

[Event "Hastings Challengers 2002/03"]
[Site "Hastings"]
[Date "2002.12.30"]
[Round "3"]
[White "Wells, Peter K"]
[Black "Moen, Andreas"]
[Result "1-0"]
[WhiteElo "2489"]
[BlackElo "2287"]
[PlyCount "85"]
[EventDate "2002.12.28"]
[EventType "swiss"]
[EventRounds "9"]
[EventCountry "ENG"]
[SourceTitle "BritBase"]
[Source "John Saunders"]
[SourceDate "2024.12.03"]
[SourceVersion "1"]
[SourceVersionDate "2024.12.03"]
[SourceQuality "1"]

1. d4 Nf6 2. Bg5 Ne4 3. Bf4 c5 4. f3 Qa5+ 5. c3 Nf6 6. d5 d6 7. e4 g6 8. Na3 Nbd7 9. Nc4 Qc7 10. a4 Bg7 11. Nh3 O-O 12. Qd2 Ne5 13. Nf2 Rd8 14. Bg5 Rb8 15. Na3 Bd7 16. Nb5 Bxb5 17. axb5 c4 18. Be2 a6 19. bxa6 b5 20. O-O Ned7 21. Qe3 Nc5 22. f4 Ra8 23. Bf3 Rxa6 24. Rxa6 Nxa6 25. Rd1 Nd7 26. Bxe7 Re8 27. Bh4 Nac5 28. e5 dxe5 29. d6 Qb6 30. Bd5 Kh8 31. Bxf7 Rf8 32. fxe5 Bxe5 33. Ng4 Bg7 34. Be8 Qb8 35. Bxd7 Nxd7 36. Be7 Rf5 37. h3 h5 38. Nh6 Rc5 39. Nf7+ Kh7 40. Ng5+ Kh8 41. Qe6 Qe8 42. Bf6 Qxe6 43. Bxg7+ 1-0

[Event "Hastings Challengers 2002/03"]
[Site "Hastings"]
[Date "2002.12.31"]
[Round "4"]
[White "Addison, Bret C"]
[Black "Wilson, Alexandra"]
[Result "1/2-1/2"]
[WhiteElo "2250"]
[BlackElo "2029"]
[PlyCount "43"]
[EventDate "2002.12.28"]
[EventType "swiss"]
[EventRounds "9"]
[EventCountry "ENG"]
[SourceTitle "BritBase"]
[Source "John Saunders"]
[SourceDate "2024.12.03"]
[SourceVersion "1"]
[SourceVersionDate "2024.12.03"]
[SourceQuality "1"]

1. d4 Nf6 2. c4 g6 3. Nc3 d5 4. cxd5 Nxd5 5. e4 Nxc3 6. bxc3 Bg7 7. Bc4 c5 8. Ne2 O-O 9. Be3 Nc6 10. Rc1 Qa5 11. Kf1 b6 12. Bd5 Bb7 13. h4 h6 14. h5 g5 15. Bxg5 hxg5 16. h6 Bf6 17. Bxc6 Bxc6 18. e5 Bxe5 19. dxe5 Qxa2 20. Rh5 Rad8 21. Rxg5+ Kh8 22. Qe1 1/2-1/2

[Event "Hastings Challengers 2002/03"]
[Site "Hastings"]
[Date "2002.12.31"]
[Round "4"]
[White "Avari, Viraf"]
[Black "Pert, Richard G"]
[Result "1/2-1/2"]
[WhiteElo "2088"]
[BlackElo "2391"]
[PlyCount "106"]
[EventDate "2002.12.28"]
[EventType "swiss"]
[EventRounds "9"]
[EventCountry "ENG"]
[SourceTitle "BritBase"]
[Source "John Saunders"]
[SourceDate "2024.12.03"]
[SourceVersion "1"]
[SourceVersionDate "2024.12.03"]
[SourceQuality "1"]

1. e4 c5 2. Nf3 d6 3. d4 cxd4 4. Nxd4 Nf6 5. Nc3 g6 6. f4 Nc6 7. Be2 Bg7 8. Nb3 O-O 9. Be3 a5 10. a4 Be6 11. O-O Rc8 12. f5 Bxb3 13. cxb3 Nb4 14. Rc1 Nd7 15. Qd2 Ne5 16. Nd5 Nxd5 17. Qxd5 Rxc1 18. Rxc1 Nc6 19. Qd2 Nb4 20. Bc4 Kh8 21. Qf2 e6 22. Rf1 gxf5 23. exf5 d5 24. f6 Qxf6 25. Qxf6 Bxf6 26. Rxf6 Kg7 27. Rf4 dxc4 28. Bc5 Rc8 29. Rxc4 Nc6 30. Bb6 f5 31. Bxa5 Kf6 32. Kf2 e5 33. Bc3 Ke6 34. Rc5 Kd6 35. b4 Rg8 36. Rb5 Rg7 37. a5 Rd7 38. Ke3 h5 39. Rb6 Kd5 40. Rb5+ Kd6 41. g3 h4 42. Rb6 hxg3 43. hxg3 Kd5 44. b5 Ne7 45. Bb4 Nc8 46. Rf6 Kc4 47. Bc3 f4+ 48. gxf4 exf4+ 49. Rxf4+ Kxb5 50. Rb4+ Ka6 51. Rb3 b6 52. axb6 Nxb6 53. Bd4 Nc8 1/2-1/2

[Event "Hastings Challengers 2002/03"]
[Site "Hastings"]
[Date "2002.12.31"]
[Round "4"]
[White "Borovikov, Vladislav"]
[Black "Moss, Robin BW"]
[Result "1-0"]
[WhiteElo "2593"]
[BlackElo "2271"]
[PlyCount "145"]
[EventDate "2002.12.28"]
[EventType "swiss"]
[EventRounds "9"]
[EventCountry "ENG"]
[SourceTitle "BritBase"]
[Source "John Saunders"]
[SourceDate "2024.12.03"]
[SourceVersion "1"]
[SourceVersionDate "2024.12.03"]
[SourceQuality "1"]

1. d4 Nf6 2. Nf3 g6 3. c4 Bg7 4. g3 O-O 5. Bg2 d5 6. cxd5 Nxd5 7. O-O Nb6 8. Nc3 Nc6 9. d5 Na5 10. Qc2 c6 11. dxc6 Nxc6 12. Rd1 Bf5 13. e4 Bd7 14. Qe2 Qe8 15. Be3 Rc8 16. Nd5 Na4 17. e5 Bg4 18. b3 e6 19. bxa4 exd5 20. h3 Bxf3 21. Bxf3 Nxe5 22. Bxd5 Qxa4 23. Rac1 b5 24. Rxc8 Rxc8 25. Bf4 Qc2 26. Qxc2 Rxc2 27. Be4 Rc8 28. Rd5 Nc6 29. Rc5 Ne7 30. Rxb5 Bd4 31. Rb7 Re8 32. Kg2 Nf5 33. Bd3 h5 34. Rd7 Bc5 35. a4 Ng7 36. Bg5 Ne6 37. Bf6 Bb6 38. Bc4 Kf8 39. Rb7 Rc8 40. Bb3 Re8 41. Kf1 Nc7 42. Bc3 Ne6 43. a5 Bc5 44. Bxe6 Rxe6 45. Rc7 Ba3 46. Rxa7 Rc6 47. Bd2 Bc5 48. Rb7 Ke8 49. Rb3 Rf6 50. Be3 Bxe3 51. Rxe3+ Kd7 52. Kg2 Ra6 53. Ra3 Ke6 54. Kf3 Ke5 55. h4 Kf5 56. Ra2 Ke5 57. Ke3 f6 58. Kd3 Kd5 59. f4 Kc5 60. Ke4 Re6+ 61. Kf3 f5 62. a6 Re8 63. a7 Ra8 64. Ke3 Kc4 65. Ra1 Re8+ 66. Kd2 Ra8 67. Kc2 Kd4 68. Kb3 Ke4 69. Kb4 Kf3 70. Ra3+ Kg4 71. Kc5 Rxa7 72. Rxa7 Kxg3 73. Rg7 1-0

[Event "Hastings Challengers 2002/03"]
[Site "Hastings"]
[Date "2002.12.31"]
[Round "4"]
[White "Egeland, Marte"]
[Black "Howell, David W"]
[Result "0-1"]
[WhiteElo "2086"]
[BlackElo "2224"]
[PlyCount "82"]
[EventDate "2002.12.28"]
[EventType "swiss"]
[EventRounds "9"]
[EventCountry "ENG"]
[SourceTitle "BritBase"]
[Source "John Saunders"]
[SourceDate "2024.12.03"]
[SourceVersion "1"]
[SourceVersionDate "2024.12.03"]
[SourceQuality "1"]

1. e4 e5 2. Nf3 Nc6 3. d4 exd4 4. Bc4 Nf6 5. e5 d5 6. Bb5 Ne4 7. Nxd4 Bd7 8. Bxc6 bxc6 9. O-O Bc5 10. Be3 Bb6 11. f3 Nc5 12. Kh1 O-O 13. Re1 Re8 14. f4 f6 15. exf6 Qxf6 16. c3 Re7 17. Na3 Rae8 18. Nac2 Qg6 19. Bg1 Nd3 20. Rxe7 Rxe7 21. Qd2 Nxb2 22. Ne3 Na4 23. Rf1 Nc5 24. Nf3 Ne4 25. Qe1 Nf6 26. Ne5 Qe4 27. Qg3 Ba5 28. Nxd7 Rxd7 29. Ng4 Nxg4 30. Qxg4 Re7 31. Bxa7 Bxc3 32. Qc8+ Kf7 33. h3 Qe6 34. Qa6 Qe2 35. Qxe2 Rxe2 36. a3 d4 37. Rd1 Re4 38. g3 Ke6 39. Kg2 Kd5 40. Kf3 Re8 41. Rb1 Kc4 0-1

[Event "Hastings Challengers 2002/03"]
[Site "Hastings"]
[Date "2002.12.31"]
[Round "4"]
[White "Gourlay, Iain"]
[Black "Miezis, Normunds"]
[Result "0-1"]
[WhiteElo "2257"]
[BlackElo "2523"]
[PlyCount "58"]
[EventDate "2002.12.28"]
[EventType "swiss"]
[EventRounds "9"]
[EventCountry "ENG"]
[SourceTitle "BritBase"]
[Source "John Saunders"]
[SourceDate "2024.12.03"]
[SourceVersion "1"]
[SourceVersionDate "2024.12.03"]
[SourceQuality "1"]

1. Nf3 c5 2. g3 Nc6 3. Bg2 g6 4. c4 Bg7 5. Nc3 e5 6. O-O Nge7 7. d3 O-O 8. Rb1 d6 9. a3 a5 10. Bg5 f6 11. Be3 h6 12. Ne1 f5 13. Nc2 a4 14. b4 axb3 15. Rxb3 Kh7 16. Bd2 Na5 17. Rb1 e4 18. dxe4 Nxc4 19. exf5 Nxf5 20. Bxb7 Bxb7 21. Rxb7 Qc8 22. Rb1 Nd4 23. Nxd4 cxd4 24. Nb5 Qh3 25. Bc1 Rf5 26. f3 Ne3 27. Bxe3 dxe3 28. g4 Be5 29. f4 Rxf4 0-1

[Event "Hastings Challengers 2002/03"]
[Site "Hastings"]
[Date "2002.12.31"]
[Round "4"]
[White "Greet, Andrew N"]
[Black "Wells, Peter K"]
[Result "0-1"]
[WhiteElo "2272"]
[BlackElo "2489"]
[PlyCount "106"]
[EventDate "2002.12.28"]
[EventType "swiss"]
[EventRounds "9"]
[EventCountry "ENG"]
[SourceTitle "BritBase"]
[Source "John Saunders"]
[SourceDate "2024.12.03"]
[SourceVersion "1"]
[SourceVersionDate "2024.12.03"]
[SourceQuality "1"]

1. b3 d5 2. Nf3 Bg4 3. e3 e5 4. h3 Bxf3 5. Qxf3 c6 6. Bb2 Bd6 7. c4 Nf6 8. Qg3 Qe7 9. Qxg7 Rg8 10. Qh6 d4 11. Qh4 Nbd7 12. e4 O-O-O 13. d3 Rg6 14. a3 Rdg8 15. Nd2 Qf8 16. g4 Be7 17. Qg3 h5 18. f3 Qh6 19. Qg2 Rh8 20. Be2 Nc5 21. Bc1 hxg4 22. fxg4 Qe3 23. Kd1 Nxd3 24. Bxd3 Qxd3 25. g5 Rh4 26. Qf3 Qxf3+ 27. Nxf3 Rxe4 28. gxf6 Rxf6 29. Ng5 Rh4 30. Re1 Rf5 31. Ne4 Rxh3 32. b4 Kd7 33. Ra2 Rff3 34. Nd2 Rc3 35. Rc2 Bh4 36. Rf1 Rxc2 37. Kxc2 Ke6 38. Ne4 b6 39. c5 f5 40. Nd6 f4 41. Rg1 bxc5 42. bxc5 f3 43. Kd1 Kd5 44. Nf5 e4 45. Bf4 f2 46. Rf1 e3 47. Bxe3 dxe3 48. Ke2 Ke4 49. Nd6+ Kf4 50. Nc8 Rg3 51. Nxa7 Rg1 52. Nxc6 Rxf1 53. Kxf1 Bf6 0-1

[Event "Hastings Challengers 2002/03"]
[Site "Hastings"]
[Date "2002.12.31"]
[Round "4"]
[White "Hein, Andreas"]
[Black "Cherniaev, Alexander"]
[Result "0-1"]
[WhiteElo "2240"]
[BlackElo "2506"]
[PlyCount "90"]
[EventDate "2002.12.28"]
[EventType "swiss"]
[EventRounds "9"]
[EventCountry "ENG"]
[SourceTitle "BritBase"]
[Source "John Saunders"]
[SourceDate "2024.12.03"]
[SourceVersion "1"]
[SourceVersionDate "2024.12.03"]
[SourceQuality "1"]

1. d4 c5 2. e3 b6 3. Nf3 Bb7 4. Bd3 Nf6 5. Nbd2 g6 6. O-O Bg7 7. b3 O-O 8. Bb2 d6 9. c4 e6 10. Rc1 Nbd7 11. Qe2 a6 12. e4 cxd4 13. Bxd4 e5 14. Bb2 Nh5 15. g3 f5 16. Ba3 Nc5 17. Bxc5 bxc5 18. Rcd1 f4 19. g4 Nf6 20. h3 Bc8 21. Nh2 Ne8 22. Ndf3 a5 23. Bc2 Rf7 24. Qd3 Be6 25. Kh1 h6 26. Rg1 Rb7 27. a4 Rd7 28. Nf1 Nc7 29. N1d2 Na6 30. Nb1 Nb4 31. Qe2 Kf7 32. Nc3 Nc6 33. Nd5 Bf6 34. Rg2 Be7 35. Rdg1 Rb7 36. Qd3 Bh4 37. g5 Bxg5 38. Rxg5 hxg5 39. Nxg5+ Qxg5 40. Rxg5 Rh8 41. Kg2 Nd4 42. Rg4 Bxg4 43. hxg4 Rh4 44. Nc3 Kf8 45. Nb5 f3+ 0-1

[Event "Hastings Challengers 2002/03"]
[Site "Hastings"]
[Date "2002.12.31"]
[Round "4"]
[White "Hunt, Adam C"]
[Black "Wu, Li"]
[Result "0-1"]
[WhiteElo "2365"]
[BlackElo "2167"]
[PlyCount "64"]
[EventDate "2002.12.28"]
[EventType "swiss"]
[EventRounds "9"]
[EventCountry "ENG"]
[SourceTitle "BritBase"]
[Source "John Saunders"]
[SourceDate "2024.12.03"]
[SourceVersion "1"]
[SourceVersionDate "2024.12.03"]
[SourceQuality "1"]

1. e4 c5 2. Nf3 d6 3. d4 cxd4 4. Nxd4 Nf6 5. Nc3 g6 6. Be3 Bg7 7. Be2 Nc6 8. O-O O-O 9. Nb3 Be6 10. f4 Rc8 11. f5 Bd7 12. Qe1 Ne5 13. a4 d5 14. fxg6 hxg6 15. exd5 Bf5 16. Nd4 Bg4 17. d6 Qxd6 18. Ndb5 Qb4 19. Rf4 Qa5 20. b4 Qa6 21. Bf1 Nh5 22. Re4 Bf5 23. Nxa7 Qe6 24. Nxc8 Rxc8 25. Bd2 Bxe4 26. Nxe4 Rxc2 27. Nc5 Qd6 28. Rd1 Ng4 29. g3 Bd4+ 30. Kg2 Qd5+ 31. Ne4 Ne3+ 32. Kf3 Qf5+ 0-1

[Event "Hastings Challengers 2002/03"]
[Site "Hastings"]
[Date "2002.12.31"]
[Round "4"]
[White "Lawson, Eric"]
[Black "Hebden, Mark L"]
[Result "1/2-1/2"]
[WhiteElo "2239"]
[BlackElo "2515"]
[PlyCount "111"]
[EventDate "2002.12.28"]
[EventType "swiss"]
[EventRounds "9"]
[EventCountry "ENG"]
[SourceTitle "BritBase"]
[Source "John Saunders"]
[SourceDate "2024.12.03"]
[SourceVersion "1"]
[SourceVersionDate "2024.12.03"]
[SourceQuality "1"]

1. d4 Nf6 2. Bg5 Ne4 3. Bf4 c5 4. f3 Qa5+ 5. c3 Nf6 6. Nd2 cxd4 7. Nb3 Qb6 8. Qxd4 Nc6 9. Qxb6 axb6 10. Be3 b5 11. Nd4 Nxd4 12. Bxd4 e6 13. e4 b4 14. Bc4 bxc3 15. Bxc3 d5 16. exd5 Nxd5 17. Bxd5 exd5 18. a3 Bc5 19. Ne2 O-O 20. Bd4 b6 21. Kf2 Ba6 22. Rad1 Bxe2 23. Kxe2 Rfe8+ 24. Kf2 Rac8 25. Bxc5 Rxc5 26. Rd2 d4 27. Rhd1 Rce5 28. Kf1 g6 29. Rxd4 Kg7 30. R1d2 Rb5 31. Rd5 Rb3 32. Rc2 h5 33. h4 Re6 34. Kf2 b5 35. Rd4 Rf6 36. Ke2 Re6+ 37. Kd2 Rf6 38. Rd3 Rxd3+ 39. Kxd3 Rf4 40. Rc5 Rxh4 41. Rxb5 Rh2 42. Ke2 Rxg2+ 43. Kf1 Rc2 44. a4 Kh6 45. a5 Rc1+ 46. Kg2 Ra1 47. b4 h4 48. Rb6 f5 49. a6 Ra2+ 50. Kh3 Kh5 51. f4 Ra3+ 52. Kh2 Ra2+ 53. Kg1 Ra1+ 54. Kf2 Ra2+ 55. Kg1 Ra1+ 56. Kg2 1/2-1/2

[Event "Hastings Challengers 2002/03"]
[Site "Hastings"]
[Date "2002.12.31"]
[Round "4"]
[White "McDonald, Neil R"]
[Black "Gormally, Daniel W"]
[Result "0-1"]
[WhiteElo "2391"]
[BlackElo "2502"]
[PlyCount "144"]
[EventDate "2002.12.28"]
[EventType "swiss"]
[EventRounds "9"]
[EventCountry "ENG"]
[SourceTitle "BritBase"]
[Source "John Saunders"]
[SourceDate "2024.12.03"]
[SourceVersion "1"]
[SourceVersionDate "2024.12.03"]
[SourceQuality "1"]

1. e4 c5 2. Nf3 d6 3. Bb5+ Nd7 4. d4 Ngf6 5. Nc3 cxd4 6. Qxd4 e5 7. Qd3 h6 8. Be3 Be7 9. Bc4 Nb8 10. Nd5 Nxd5 11. Bxd5 Nd7 12. Nd2 O-O 13. Nb1 Nf6 14. Nc3 Qc7 15. O-O a6 16. a4 Be6 17. a5 Rac8 18. Bb6 Qd7 19. Bb3 Bxb3 20. cxb3 Bd8 21. Be3 Qe6 22. Ra3 Be7 23. Rd1 Rfd8 24. b4 Qc4 25. Ra4 d5 26. Nxd5 Nxd5 27. Qxc4 Rxc4 28. exd5 Rxb4 29. Rxb4 Bxb4 30. Bb6 Rd7 31. f3 f5 32. g4 g6 33. Kf2 Kf7 34. gxf5 gxf5 35. Ke3 Kf6 36. f4 Bd6 37. fxe5+ Kxe5 38. b3 Be7 39. Bd4+ Kxd5 40. Bg7+ Ke6 41. Rxd7 Bg5+ 42. Kd4 Kxd7 43. Ke5 f4 44. Ke4 Kc6 45. h3 Kb5 46. Bc3 h5 47. Be1 Bd8 48. Bd2 f3 49. Kxf3 Bxa5 50. Bc1 Bb6 51. Bd2 Ba5 52. Bc1 b6 53. Ba3 Bb4 54. Bc1 Be7 55. Bd2 Kc6 56. Ke4 a5 57. Bc3 Bd8 58. Bd2 Kc5 59. Kd3 Kd5 60. Bc3 Bc7 61. Bf6 b5 62. Bb2 Bd6 63. Bc3 a4 64. bxa4 bxa4 65. Bb2 Bc5 66. Bc1 Ke5 67. Kc4 Be7 68. Kd3 Bf8 69. Ke2 Kd4 70. Bb2+ Kc4 71. Bc1 Kc3 72. Kd1 Kb3 0-1

[Event "Hastings Challengers 2002/03"]
[Site "Hastings"]
[Date "2002.12.31"]
[Round "4"]
[White "Pert, Nicholas"]
[Black "Korotylev, Alexey"]
[Result "1-0"]
[WhiteElo "2462"]
[BlackElo "2571"]
[PlyCount "103"]
[EventDate "2002.12.28"]
[EventType "swiss"]
[EventRounds "9"]
[EventCountry "ENG"]
[SourceTitle "BritBase"]
[Source "John Saunders"]
[SourceDate "2024.12.03"]
[SourceVersion "1"]
[SourceVersionDate "2024.12.03"]
[SourceQuality "1"]

1. d4 Nf6 2. Nf3 e6 3. c4 d5 4. Nc3 c6 5. Bg5 h6 6. Bxf6 Qxf6 7. e3 Nd7 8. Bd3 dxc4 9. Bxc4 g6 10. O-O Bg7 11. b4 O-O 12. Rc1 Rd8 13. Qb3 Qe7 14. Rfd1 Nb6 15. Be2 Bd7 16. Ne4 Nd5 17. Nc5 Be8 18. a4 Rac8 19. Bf1 Bf8 20. Rb1 Rc7 21. Rdc1 Bg7 22. Nd3 Rcc8 23. Rc2 a6 24. Rbc1 Ra8 25. Nc5 Rdb8 26. Bc4 Nc7 27. a5 Nd5 28. Nd3 Rd8 29. Rd2 Rab8 30. Nc5 Nc7 31. Rcd1 Nb5 32. Bxb5 axb5 33. h3 Qc7 34. e4 Ra8 35. Rd3 b6 36. axb6 Qxb6 37. e5 Bf8 38. Nd2 Qa7 39. Nde4 Qa2 40. Qc3 Ra7 41. h4 Be7 42. Qc1 Kg7 43. h5 g5 44. f4 Qe2 45. fxg5 hxg5 46. Rg3 Kh8 47. Nxg5 Bf8 48. Nf3 Ra3 49. Re1 Rxf3 50. gxf3 Qc4 51. Qg5 Qxd4+ 52. Kh1 1-0

[Event "Hastings Challengers 2002/03"]
[Site "Hastings"]
[Date "2002.12.31"]
[Round "4"]
[White "Taylor, Peter P"]
[Black "Shaw, John Kerr"]
[Result "1-0"]
[WhiteElo "2212"]
[BlackElo "2484"]
[PlyCount "83"]
[EventDate "2002.12.28"]
[EventType "swiss"]
[EventRounds "9"]
[EventCountry "ENG"]
[SourceTitle "BritBase"]
[Source "John Saunders"]
[SourceDate "2024.12.03"]
[SourceVersion "1"]
[SourceVersionDate "2024.12.03"]
[SourceQuality "1"]

1. c4 e5 2. g3 Nc6 3. Bg2 f5 4. Nc3 Nf6 5. d3 Bb4 6. Bd2 O-O 7. e3 Bxc3 8. Bxc3 f4 9. exf4 exf4 10. Nh3 Qe8+ 11. Qe2 fxg3 12. hxg3 Qxe2+ 13. Kxe2 d6 14. Nf4 Ne5 15. Kd2 c6 16. Rae1 Re8 17. f3 b6 18. Nh5 Nxh5 19. Rxh5 g6 20. Rh6 Bb7 21. Reh1 Re7 22. f4 Ng4 23. R6h4 h5 24. Be4 Rxe4 25. dxe4 Nf2 26. Re1 c5 27. f5 Kf7 28. fxg6+ Kxg6 29. e5 d5 30. cxd5 Bxd5 31. Rf4 Ng4 32. b3 Rd8 33. Kc1 Be6 34. Rd1 Rxd1+ 35. Kxd1 Ne3+ 36. Kd2 Nd5 37. Rf8 Kg5 38. Kd3 Bf5+ 39. Kc4 Be6 40. Bd2+ Kg4 41. Kb5 Kxg3 42. Kc6 1-0

[Event "Hastings Challengers 2002/03"]
[Site "Hastings"]
[Date "2003.01.01"]
[Round "5"]
[White "Christ, Ralf"]
[Black "Avari, Viraf"]
[Result "0-1"]
[WhiteElo "2292"]
[BlackElo "2088"]
[PlyCount "104"]
[EventDate "2002.12.28"]
[EventType "swiss"]
[EventRounds "9"]
[EventCountry "ENG"]
[SourceTitle "BritBase"]
[Source "John Saunders"]
[SourceDate "2024.12.03"]
[SourceVersion "1"]
[SourceVersionDate "2024.12.03"]
[SourceQuality "1"]

1. e4 e5 2. Bc4 Nf6 3. d3 Bc5 4. Nf3 d6 5. c3 Nc6 6. Bb3 Bg4 7. Nbd2 Qd7 8. O-O Nh5 9. Nc4 O-O-O 10. a4 Nf6 11. a5 a6 12. Ba4 Bxf3 13. gxf3 Qh3 14. b4 Ba7 15. b5 Ne7 16. Ne3 axb5 17. Bxb5 c6 18. Ba4 Nh5 19. Ng2 d5 20. Be3 Rd6 21. Kh1 Rg6 22. Rg1 Bxe3 23. Nxe3 Rxg1+ 24. Qxg1 Qxf3+ 25. Qg2 dxe4 26. dxe4 Qxg2+ 27. Kxg2 Nf4+ 28. Kf3 h5 29. Bb3 f6 30. a6 bxa6 31. Rxa6 Kb7 32. Ra2 g5 33. Nc4 Rd8 34. Bc2 Neg6 35. Ke3 Ng2+ 36. Ke2 N6f4+ 37. Kf1 Nh4 38. Rb2+ Kc7 39. Na5 Ra8 40. Ra2 Nf3 41. Bd1 Nxh2+ 42. Kg1 Ng4 43. Bxg4 hxg4 44. Kh2 Nd3 45. Kg3 Nc5 46. Kxg4 Nb7 47. Kf5 Rxa5 48. Re2 Rc5 49. Re3 Nd6+ 50. Kxf6 Rxc3 51. Re2 Nc4 52. Kxg5 Rf3 0-1

[Event "Hastings Challengers 2002/03"]
[Site "Hastings"]
[Date "2003.01.01"]
[Round "5"]
[White "Hebden, Mark L"]
[Black "Borovikov, Vladislav"]
[Result "1-0"]
[WhiteElo "2515"]
[BlackElo "2593"]
[PlyCount "121"]
[EventDate "2002.12.28"]
[EventType "swiss"]
[EventRounds "9"]
[EventCountry "ENG"]
[SourceTitle "BritBase"]
[Source "John Saunders"]
[SourceDate "2024.12.03"]
[SourceVersion "1"]
[SourceVersionDate "2024.12.03"]
[SourceQuality "1"]

1. d4 d5 2. c4 c6 3. Nf3 Nf6 4. e3 e6 5. Bd3 dxc4 6. Bxc4 Nbd7 7. O-O Bd6 8. Nbd2 e5 9. dxe5 Nxe5 10. Nxe5 Bxe5 11. Nf3 Qe7 12. Nxe5 Qxe5 13. Bd2 O-O 14. Bc3 Qg5 15. Qf3 Be6 16. Bxe6 fxe6 17. Qh3 Rae8 18. Rad1 Ne4 19. Rd4 Qf5 20. Qh4 Nxc3 21. bxc3 e5 22. Rd2 h6 23. Rfd1 Rf7 24. Qa4 a6 25. Qc4 e4 26. a4 Kh7 27. Rf1 Re6 28. Rd4 b5 29. Qa2 Rff6 30. Rfd1 Rg6 31. g3 Qe5 32. axb5 cxb5 33. c4 b4 34. Qc2 a5 35. c5 Rc6 36. Rd5 Qe7 37. Qc4 Rg5 38. Rxg5 hxg5 39. Rd5 Qe6 40. Qd4 Qg6 41. Rd6 Qe8 42. Rd7 Qg6 43. g4 a4 44. Rd6 Qe8 45. Qxb4 Rxd6 46. cxd6 Qa8 47. d7 a3 48. Qxa3 Qxa3 49. d8=Q Qa1+ 50. Kg2 Qe5 51. Qd7 Kh6 52. h3 g6 53. Qd4 Qe8 54. Qf6 Qb8 55. Kg1 Qb1+ 56. Kg2 Qb8 57. h4 gxh4 58. Qxh4+ Kg7 59. Qe7+ Kh6 60. Qxe4 Kg5 61. Kf3 1-0

[Event "Hastings Challengers 2002/03"]
[Site "Hastings"]
[Date "2003.01.01"]
[Round "5"]
[White "Howell, David W"]
[Black "Greet, Andrew N"]
[Result "1-0"]
[WhiteElo "2224"]
[BlackElo "2272"]
[PlyCount "53"]
[EventDate "2002.12.28"]
[EventType "swiss"]
[EventRounds "9"]
[EventCountry "ENG"]
[SourceTitle "BritBase"]
[Source "John Saunders"]
[SourceDate "2024.12.03"]
[SourceVersion "1"]
[SourceVersionDate "2024.12.03"]
[SourceQuality "1"]

1. e4 c5 2. Nf3 Nc6 3. Bb5 g6 4. Bxc6 bxc6 5. O-O Bg7 6. Re1 f6 7. c3 Nh6 8. d4 cxd4 9. cxd4 O-O 10. h3 d6 11. Nc3 Nf7 12. b3 Qb6 13. Bb2 Bd7 14. Rc1 Qa6 15. e5 fxe5 16. dxe5 Bf5 17. Na4 c5 18. Qd5 Bh6 19. Rc4 Rae8 20. e6 Nd8 21. g4 Bxe6 22. Rxe6 Nxe6 23. Qxe6+ Rf7 24. Ne5 Ref8 25. Nxf7 Rxf7 26. Rxc5 Bf8 27. Rc8 1-0

[Event "Hastings Challengers 2002/03"]
[Site "Hastings"]
[Date "2003.01.01"]
[Round "5"]
[White "Korotylev, Alexey"]
[Black "Taylor, Peter P"]
[Result "0-1"]
[WhiteElo "2571"]
[BlackElo "2212"]
[PlyCount "86"]
[EventDate "2002.12.28"]
[EventType "swiss"]
[EventRounds "9"]
[EventCountry "ENG"]
[SourceTitle "BritBase"]
[Source "John Saunders"]
[SourceDate "2024.12.03"]
[SourceVersion "1"]
[SourceVersionDate "2024.12.03"]
[SourceQuality "1"]

1. e4 c6 2. d4 d5 3. Nc3 dxe4 4. Nxe4 Bf5 5. Ng3 Bg6 6. Nf3 Nf6 7. h4 h6 8. h5 Bh7 9. Bd3 Bxd3 10. Qxd3 e6 11. Bd2 Nbd7 12. O-O-O Be7 13. Qe2 O-O 14. Ne5 c5 15. dxc5 Qc7 16. Nxd7 Nxd7 17. Ne4 Nxc5 18. Nxc5 Qxc5 19. Be3 Qa5 20. Kb1 Bf6 21. g4 Qe5 22. Rd4 Rfd8 23. f4 Qa5 24. Re4 Rd5 25. Bc1 Rad8 26. g5 hxg5 27. h6 gxh6 28. Rxh6 Bg7 29. Rh1 Rd4 30. fxg5 Qf5 31. Rxd4 Rxd4 32. Rf1 Qd5 33. Qh5 e5 34. g6 fxg6 35. Qxg6 Qd7 36. Rh1 Rd1 37. Rh2 Rf1 38. Rg2 Qf7 39. Qg3 Kf8 40. Qd3 Qf6 41. Qc4 Rxc1+ 42. Kxc1 Qh6+ 43. Rd2 Qh1+ 0-1

[Event "Hastings Challengers 2002/03"]
[Site "Hastings"]
[Date "2003.01.01"]
[Round "5"]
[White "Rendle, Thomas E"]
[Black "Wegerle, Joerg"]
[Result "1-0"]
[WhiteElo "2238"]
[BlackElo "2365"]
[PlyCount "75"]
[EventDate "2002.12.28"]
[EventType "swiss"]
[EventRounds "9"]
[EventCountry "ENG"]
[SourceTitle "BritBase"]
[Source "John Saunders"]
[SourceDate "2024.12.03"]
[SourceVersion "1"]
[SourceVersionDate "2024.12.03"]
[SourceQuality "1"]

1. e4 e6 2. d4 d5 3. e5 c5 4. c3 Bd7 5. Nf3 a6 6. Be3 cxd4 7. Nxd4 Nc6 8. f4 Nxd4 9. Bxd4 Bb5 10. Bxb5+ axb5 11. Qd3 Qd7 12. Nd2 Nh6 13. Nf3 b4 14. O-O bxc3 15. Bxc3 Bc5+ 16. Bd4 Be7 17. a3 O-O 18. h3 Rfc8 19. g4 Kh8 20. Ng5 Bxg5 21. fxg5 Ng8 22. Rf4 Qe7 23. Raf1 Rc7 24. h4 Ra4 25. b4 g6 26. Bb6 Rc4 27. Rxc4 dxc4 28. Qf3 Kg7 29. Bc5 Qe8 30. h5 h6 31. hxg6 Kxg6 32. Qe4+ Kg7 33. g6 f5 34. exf6+ Nxf6 35. Bd4 Qxg6 36. Bxf6+ Kh7 37. Qxb7+ Kg8 38. Qc8+ 1-0

[Event "Hastings Challengers 2002/03"]
[Site "Hastings"]
[Date "2003.01.01"]
[Round "5"]
[White "Richards, Heather"]
[Black "Williams, Simon Kim"]
[Result "1-0"]
[WhiteElo "2264"]
[BlackElo "2391"]
[PlyCount "57"]
[EventDate "2002.12.28"]
[EventType "swiss"]
[EventRounds "9"]
[EventCountry "ENG"]
[SourceTitle "BritBase"]
[Source "John Saunders"]
[SourceDate "2024.12.03"]
[SourceVersion "1"]
[SourceVersionDate "2024.12.03"]
[SourceQuality "1"]

1. e4 c5 2. c3 e6 3. d4 d5 4. exd5 exd5 5. Be3 Qb6 6. dxc5 Qxb2 7. Qb3 Qxa1 8. Nf3 Ne7 9. Bb5+ Nbc6 10. O-O Bf5 11. Nd4 Qxb1 12. Rxb1 Bxb1 13. Qxb1 O-O-O 14. Bf4 Nxd4 15. cxd4 g6 16. c6 bxc6 17. Ba6+ Kd7 18. Qb7+ Ke6 19. Qc7 Bg7 20. Qxa7 Nf5 21. Qc5 Nxd4 22. g4 g5 23. Bc8+ Kf6 24. Qxd4+ Kg6 25. Bf5+ Kh6 26. Bxg5+ Kxg5 27. Qxg7+ Kf4 28. Qd4+ Kg5 29. h4+ 1-0